Survivor 50 Cast - Statistics

General Stats
  • This quiz has been taken 333 times
  • The average score is 21 of 24
Answer Stats
Seasons Answer % Correct
Borneo & All-Stars Jenna Lewis
95%
Tocantins, Heroes vs Villains, & South Pacific Benjamin 'Coach' Wade
94%
Australia, All-Stars, & Heroes vs Villains Colby Donaldson
94%
Cook Islands, Micronesia, South Pacific, & Game Changers Oscar 'Ozzy' Lusth
94%
Panama, Micronesia, Heroes vs Villains, & Game Changers Cirie Fields
93%
David vs Goliath Mike White
91%
Kaoh Rong, Game Changers, & Edge of Extinction Aubry Bracco
90%
David vs Goliath Christian Hubicki
90%
45 Dee Valladares
90%
46 Q Burdett
90%
48 Kyle Fraser
89%
48 Joe Hunter
88%
David vs Goliath Angelina Keely
87%
Edge of Extinction Rick Devens
87%
Heroes vs Healers vs Hustlers Chrissy Hofbeck
86%
42 Jonathan Young
86%
48 Kamilla Karthigesu
85%
46 Tiffany Nicole Ervin
85%
46 Charlie Davis
83%
45 Emily Flippen
83%
47 Genevieve Mushaluk
82%
49 Rizo Velovic
80%
49 Savannah Louie
77%
Palau, Guatemala, & Heroes vs Villains Stephenie LaGrossa
76%
No matching quizzes found
Score Distribution
Percent of People with Each Score
Percentile by Number Answered
Your Score History
You have not taken this quiz